00836nam a22002297a 4500001001000000003000900010005001700019007000300036008003400039040005400073041001000127072002100137100002100158110009800179245014700277260003300424300001000457500009100467650002200558650001400580650001200594BR8700848BR-BrBNA20230928092357.0ta230509b bl.||||| |||| 00| 0 por d aBR-BrBNAbporcBiblioteca Nacional de Agricultura a(Por) aL01b5214b/G5141 aAbujaiad, E.M.D.1 aUniversidade Federal da Paraiba, Areia (Brasil). Centro de Ciencias Agrarias0Tese (Mestrado)1 aFatores que influenciam a eficiencia produtiva do rebanho gir leiteiro da Fazenda Experimental de Criacao "Joao Pessoa" em Umbuzeiro - Paraiba3 aAreia, PB (Brasil): c1980.  a59 p. a(*) Documento disponível no(a) UFPB, Areia, PB (Brazil). Centro de Ciencias Agrarias aPECUARIA LEITEIRA aUMBUZEIRO aPARAIBA